Statistiken für Alle Pokémon - Attacken vom Typ "Kampf"

Klicken Sie hier um das Quiz zu spielen!

Allgemein

  • Dieses Quiz wurde 9 mal gespielt
    (5 seit der letzten Aktualisierung)
  • Das Durchschnittsergebnis liegt bei 14 aus 57

Antwortstatistiken

Attacke% Korrekt
Karateschlag
100%
Turmkick
100%
Fußkick
80%
Ableithieb
60%
Protzer
60%
Scanner
60%
Tempohieb
60%
Doppelkick
40%
Flying Press
40%
Fokusstoß
40%
Fußtritt
40%
Geowurf
40%
Himmelhieb
40%
Konter
40%
Kreuzhieb
40%
Nahkampf
40%
Power -Punch
40%
Sprungkick
40%
Steigerungshieb
40%
Wuchtschlag
40%
Zertrümmerer
40%
Armstoß
20%
Aurasphäre
20%
Bergsturm
20%
Body Press
20%
Coaching
20%
Dreifachkick
20%
Durchbruch
20%
Dyna -Faust
20%
Fegekick
20%
Gegenschlag
20%
Sanctoklinge
20%
Überkopfwurf
20%
Überroller
20%
Überwurf
20%
Vakuumwelle
20%
Vergeltung
20%
Wagemut
20%
Weckruf
20%
Donnernder Tritt
0%
Drillingspfeile
0%
Fersenkick
0%
Finalformation
0%
Fulminante Faustschläge
0%
Giga -Fokusschlag
0%
Hammerarm
0%
Kollisionskurs
0%
Kraftkoloss
0%
Kraftwelle
0%
Mystoschwert
0%
Octoklammer
0%
Rapidschutz
0%
Raufturbo
0%
Schnellkonter
0%
Siegestanz
0%
Sternensturm
0%
Tatami -Schild
0%

Verteilung der Resultate

Perzentil nach korrekt beantworteten Fragen

Anzahl Personen mit jedem Resultat

Ihre Resultats-Entwicklung

Sie haben dieses Quiz seit der letzten Aktualisierung nicht gespielt